000 00437nam a2200169Ia 4500
008 210707s1976 xx 000 0 und d
020 _a0-13-351734-9
041 _aeng
082 _a631.4 STEG
100 _aSTEILA (Donald)
245 _aGeography of soils formation, distribution & management.
260 _aNew Jersey.
_bPrentice-Hall,
_c1976
300 _aix,222 p
563 _aPB
650 _aSoil Science
906 _aSoils
999 _c180253
_d180253